[Event "Open Portugal 2019"]
[Site "Lisboa POR"]
[Date "2019.02.09"]
[Round "9.64"]
[White "Casagrande, Federico"]
[Black "Dias, Ricardo"]
[Result "0-1"]
[WhiteElo "1911"]
[BlackElo "2128"]
[WhiteFideId "2827137"]
[BlackFideId "1930060"]
[WhiteCountry "ITA"]
[BlackCountry "POR"]
[PlyCount "94"]
[EventDate "2019.02.02"]

1. d4 Nf6 2. c4 g6 3. Nc3 d5 4. cxd5 Nxd5 5. g3 Bg7 6. Bg2 Nb6 7. Nf3 Nc6 8. e3
O-O 9. O-O Re8 10. Qe2 e5 11. dxe5 Nxe5 12. Nxe5 Bxe5 13. Rd1 Qe7 14. a4 a5 15.
Nd5 Nxd5 16. Rxd5 c6 17. Rd2 Be6 18. f4 Bg7 19. Ra3 Qc5 20. Qd1 Qb6 21. Qc2 Bf8
22. Rad3 Bf5 23. Qb3 Qxb3 24. Rxb3 Bb4 25. Rd4 Bc2 26. Rbxb4 axb4 27. Rxb4 Rxa4
28. Rxa4 Bxa4 29. Bd2 Bc2 30. Kf2 Be4 31. Bf1 Rd8 32. Ke1 c5 33. Bc3 Bc6 34. Bc4
b5 35. Be2 f5 36. Bd1 Kf7 37. Bc2 Ke6 38. Ke2 b4 39. Be5 c4 40. Bd4 Be4 41. Bxe4
fxe4 42. g4 h5 43. h3 hxg4 44. hxg4 Rd7 45. Kf2 Rxd4 46. exd4 c3 47. bxc3 b3 0-1

[Event "Open Portugal 2019"]
[Site "Lisboa POR"]
[Date "2019.02.09"]
[Round "9.65"]
[White "Bruaset, Eivind"]
[Black "Nikula, Mikko"]
[Result "0-1"]
[WhiteElo "2124"]
[BlackElo "1889"]
[WhiteFideId "1515276"]
[BlackFideId "505277"]
[WhiteCountry "NOR"]
[BlackCountry "FIN"]
[PlyCount "116"]
[EventDate "2019.02.02"]

1. d4 Nf6 2. c4 e6 3. Nc3 Bb4 4. Bd2 O-O 5. Nf3 d5 6. e3 c5 7. dxc5 Bxc5 8. Qc2
Nc6 9. a3 a6 10. h3 dxc4 11. Bxc4 Qe7 12. O-O b5 13. Bd3 Bb7 14. Ne4 Nxe4 15.
Bxe4 f5 16. Bxc6 Bxc6 17. Rac1 Bxf3 18. Qxc5 Qg5 19. g3 Qh5 20. h4 Qg4 21. Kh2
Bd5 22. f3 Bxf3 23. Qe5 Bd5 24. Rf2 Qe4 25. Bc3 Qxe5 26. Bxe5 Rac8 27. Rfc2
Rxc2+ 28. Rxc2 Bc4 29. Rc3 Rf7 30. b3 Bd5 31. Kg1 Rd7 32. Kf2 Kf7 33. Bd4 h6 34.
g4 fxg4 35. Kg3 h5 36. Kf4 Kg6 37. e4 Bxb3 38. Ke5 Bc4 39. Rc2 Rf7 40. Rf2 g3
41. Rxf7 Kxf7 42. Kf4 g2 43. Kf3 Bf1 44. Be3 Kf6 45. Bd4+ Kf7 46. Kf2 g6 47. Be3
Ke7 48. Bc5+ Kd7 49. Bb6 Kc6 50. Be3 Kd6 51. Bd4 Kc6 52. Be3 a5 53. Bd2 b4 54.
axb4 a4 55. Be3 Kb5 56. Bd2 a3 57. Bc3 Kc4 58. b5 Kxb5 0-1

[Event "Open Portugal 2019"]
[Site "Lisboa POR"]
[Date "2019.02.09"]
[Round "9.66"]
[White "Pires, Emanuel"]
[Black "Quintino, Luís"]
[Result "1-0"]
[WhiteElo "2115"]
[BlackElo "1868"]
[WhiteFideId "1914715"]
[BlackFideId "1904086"]
[WhiteCountry "POR"]
[BlackCountry "POR"]
[PlyCount "217"]
[EventDate "2019.02.02"]

1. e4 d5 2. exd5 Qxd5 3. Nc3 Qa5 4. d4 c6 5. Bd3 Bf5 6. Nf3 Nf6 7. O-O Bxd3 8.
Qxd3 e6 9. Ne2 Nbd7 10. c4 Be7 11. Bd2 Qc7 12. b4 O-O 13. Rfe1 Rfe8 14. Bc3 Rad8
15. Qc2 b5 16. c5 Nd5 17. a4 a6 18. Nc1 Bf6 19. Nd3 Ra8 20. Nde5 Bxe5 21. dxe5
h6 22. Nd2 Reb8 23. g3 a5 24. bxa5 Nxc5 25. axb5 cxb5 26. Bd4 Na4 27. Qd1 Qxa5
28. Ne4 Qd8 29. Qg4 Kh7 30. Nd6 Qe7 31. f4 b4 32. f5 Nac3 33. f6 gxf6 34. Rxa8
Rxa8 35. exf6 Nxf6 36. Qf3 Ra5 37. Nc8 Qd8 38. Qxf6 Qxf6 39. Bxf6 Rc5 40. Nd6 b3
41. Bxc3 Rxc3 42. Rb1 f5 43. Nb5 Rd3 44. Rb2 e5 45. Kf2 Kg6 46. Na3 e4 47. Nb1
Kg5 48. Ke2 Kg4 49. Nd2 Kh3 50. Nf1 h5 51. Kf2 h4 52. Ne3 hxg3+ 53. hxg3 Kh2 54.
Nxf5 Rf3+ 55. Ke1+ Kh3 56. Nd4 Rxg3 57. Kf1 Kg4 58. Nxb3 Kf4 59. Nd4 Rd3 60. Rb4
Ke3 61. Nc2+ Kd2 62. Ne1 Re3 63. Rd4+ Kc3 64. Rd7 Rh3 65. Ke2 Rh4 66. Ke3 Rh1
67. Rc7+ Kb4 68. Nc2+ Kb5 69. Kxe4 Rh4+ 70. Kd3 Kb6 71. Rc3 Rh3+ 72. Ne3 Kb5 73.
Kd4 Rh4+ 74. Ke5 Kb4 75. Nd5+ Kb5 76. Rb3+ Kc5 77. Rc3+ Kb5 78. Nf4 Kb4 79. Rc1
Kb3 80. Nd5 Rh5+ 81. Kd4 Rh4+ 82. Kd3 Rh3+ 83. Ne3 Kb2 84. Rc7 Kb1 85. Rg7 Kb2
86. Re7 Kc1 87. Rb7 Rh8 88. Rc7+ Kb2 89. Nc4+ Kb1 90. Nd2+ Kb2 91. Rb7+ Ka3 92.
Nb1+ Ka4 93. Nc3+ Ka5 94. Kd4 Ka6 95. Rb2 Rh4+ 96. Kc5 Rh5+ 97. Nd5 Ka7 98. Rf2
Ka6 99. Rf6+ Ka5 100. Rf4 Ka6 101. Ra4+ Kb7 102. Kd6 Rh6+ 103. Kc5 Rh5 104. Rf4
Ka7 105. Kc6 Rh6+ 106. Kb5 Rh5 107. Rf7+ Kb8 108. Kb6 Kc8 109. Nf6 1-0

[Event "Open Portugal 2019"]
[Site "Lisboa POR"]
[Date "2019.02.09"]
[Round "9.67"]
[White "Newton, Andrew"]
[Black "Pirola, Claudionor"]
[Result "1-0"]
[WhiteElo "1883"]
[BlackElo "2113"]
[WhiteFideId "2403285"]
[BlackFideId "2130556"]
[WhiteCountry "SCO"]
[BlackCountry "BRA"]
[PlyCount "43"]
[EventDate "2019.02.02"]

1. e4 e5 2. f4 exf4 3. Nf3 Nf6 4. e5 Nh5 5. Be2 g5 6. O-O g4 7. d4 d5 8. Ne1 f3
9. gxf3 g3 10. Ng2 Rg8 11. h4 Nc6 12. f4 Ng7 13. c3 Nf5 14. Bg4 Be7 15. Bxf5
Bxf5 16. Qh5 Qd7 17. Ne3 Bd3 18. f5 Bxf1 19. e6 Qd6 20. Qxf7+ Kd8 21. Qxg8+ Bf8
22. Nxf1 1-0

[Event "Open Portugal 2019"]
[Site "Lisboa POR"]
[Date "2019.02.09"]
[Round "9.69"]
[White "Simões, Miguel"]
[Black "Bertola, Georges"]
[Result "1-0"]
[WhiteElo "1881"]
[BlackElo "2101"]
[WhiteFideId "1946307"]
[BlackFideId "1307967"]
[WhiteCountry "POR"]
[BlackCountry "SUI"]
[PlyCount "67"]
[EventDate "2019.02.02"]

1. e4 c5 2. Nf3 g6 3. d4 cxd4 4. Nxd4 Bg7 5. Nc3 Nc6 6. Be3 Nf6 7. Bc4 O-O 8.
Bb3 a6 9. f3 b5 10. Qd2 Bb7 11. O-O-O Rc8 12. g4 Ne5 13. h4 h5 14. gxh5 Nxh5 15.
Rdg1 Nc4 16. Bxc4 Rxc4 17. a3 Qa5 18. Rg5 Rfc8 19. Rhg1 Rxc3 20. bxc3 Qxa3+ 21.
Kd1 Rxc3 22. Nb3 Qb2 23. Rxh5 Rxe3 24. Qxe3 gxh5 25. Qg5 Bc6 26. Qxe7 a5 27.
Qe8+ Kh7 28. Qxf7 a4 29. Qxh5+ Kg8 30. Qe8+ Kh7 31. Qg6+ Kh8 32. Qxg7+ Qxg7 33.
Rxg7 axb3 34. Rg1 1-0

[Event "Open Portugal 2019"]
[Site "Lisboa POR"]
[Date "2019.02.09"]
[Round "9.70"]
[White "Jazdanovs, Aleksandrs"]
[Black "Chingüün, Bayaraa"]
[Result "1-0"]
[WhiteElo "2100"]
[BlackElo "1817"]
[WhiteFideId "11604492"]
[BlackFideId "2076608"]
[BlackTitle "CM"]
[WhiteCountry "LAT"]
[BlackCountry "MGL"]
[PlyCount "153"]
[EventDate "2019.02.02"]

1. e4 c5 2. Nf3 d6 3. d4 cxd4 4. Nxd4 Nf6 5. Nc3 a6 6. Be3 e5 7. Nb3 Be7 8. f3
Be6 9. Qd2 O-O 10. O-O-O Nbd7 11. g4 b5 12. g5 b4 13. gxf6 bxc3 14. Qxc3 Nxf6
15. Na5 Rc8 16. Nc6 Qd7 17. Nxe7+ Qxe7 18. Qa5 Rc6 19. Rg1 Rfc8 20. Kb1 Nh5 21.
Rd2 Nf4 22. Bxf4 exf4 23. Qg5 Qxg5 24. Rxg5 f6 25. Ra5 Ra8 26. h4 Kf7 27. b4 Rb8
28. a3 Rbb6 29. Kb2 g6 30. c3 h6 31. Rh2 Kg7 32. a4 g5 33. Bd3 Bf7 34. Rc2 Be6
35. Rh2 Bf7 36. h5 Be8 37. b5 axb5 38. Ra7+ Bf7 39. axb5 Rc8 40. Ra6 Rcb8 41.
Rxb6 Rxb6 42. Ka3 d5 43. Kb4 dxe4 44. Bxe4 Be6 45. Kc5 Rb8 46. Bc6 f5 47. Rf2
Kf6 48. b6 Bc8 49. c4 Ba6 50. Bd7 Bxc4 51. Rb2 Ba6 52. Kd6 Rg8 53. Rf2 Rg7 54.
Bc6 Bc8 55. Rf1 Re7 56. Ra1 g4 57. Ra8 g3 58. Rxc8 g2 59. Bd5 Rd7+ 60. Kxd7 g1=Q
61. b7 Qa7 62. Kd6 Qb6+ 63. Rc6 Qd8+ 64. Kc5+ Kg5 65. Rg6+ Kxh5 66. Rg8 Qe7+ 67.
Kc6 Qf6+ 68. Kd7 Qd4 69. b8=Q Qxd5+ 70. Ke7 Qc5+ 71. Qd6 Qa7+ 72. Kf6 Qa1+ 73.
Qe5 Qa6+ 74. Kxf5 Qc4 75. Kf6+ Kh4 76. Rg4+ Kh3 77. Qh5# 1-0

[Event "Open Portugal 2019"]
[Site "Lisboa POR"]
[Date "2019.02.09"]
[Round "9.71"]
[White "Castanheira, António"]
[Black "Sousa, Hugo C"]
[Result "0-1"]
[WhiteElo "1875"]
[BlackElo "2097"]
[WhiteFideId "1901788"]
[BlackFideId "1930842"]
[WhiteCountry "POR"]
[BlackCountry "POR"]
[PlyCount "68"]
[EventDate "2019.02.02"]

1. c4 Nf6 2. Nc3 g6 3. g3 Bg7 4. Bg2 O-O 5. e3 d6 6. Nge2 c5 7. O-O Nc6 8. d4
Bd7 9. h3 a6 10. b3 Rb8 11. Bb2 b5 12. cxb5 axb5 13. dxc5 dxc5 14. Rc1 Qc8 15.
Kh2 Rd8 16. Nf4 g5 17. Nfd5 Bf5 18. Nxf6+ Bxf6 19. Qh5 Bg6 20. Qg4 Qxg4 21. hxg4
Ne5 22. Rcd1 Nxg4+ 23. Kg1 b4 24. Na4 Bxb2 25. Nxb2 Ne5 26. e4 g4 27. Rd5 Nf3+
28. Bxf3 gxf3 29. Rfd1 Rxd5 30. exd5 Ra8 31. Na4 c4 32. Nb6 cxb3 33. Nxa8 bxa2
34. Nb6 Bb1 0-1

[Event "Open Portugal 2019"]
[Site "Lisboa POR"]
[Date "2019.02.09"]
[Round "9.72"]
[White "Santos, Isabel P"]
[Black "Hodovský, Jiri"]
[Result "0-1"]
[WhiteElo "1825"]
[BlackElo "2094"]
[WhiteFideId "1921681"]
[BlackFideId "317250"]
[WhiteCountry "POR"]
[BlackCountry "CZE"]
[PlyCount "66"]
[EventDate "2019.02.02"]

1. d4 Nf6 2. c4 d6 3. Nc3 e5 4. dxe5 dxe5 5. Bg5 Be6 6. e3 Qxd1+ 7. Rxd1 Nbd7 8.
Nf3 Bb4 9. Bxf6 gxf6 10. Rc1 c6 11. a3 Be7 12. Be2 Rg8 13. g3 a5 14. Nd2 a4 15.
Bd3 f5 16. f3 Bc5 17. Ke2 Ke7 18. Rcf1 h5 19. Nd1 Bb6 20. Nf2 Nc5 21. Bc2 Rgd8
22. Rd1 Ba5 23. Nd3 Bxd2 24. Nxc5 Bxc4+ 25. Kf2 f4 26. exf4 exf4 27. Nxa4 b5 28.
Nc3 Bxc3 29. bxc3 Rxd1 30. Bxd1 Rxa3 31. gxf4 Rxc3 32. Kg3 Rc1 33. Kf2 b4 0-1

[Event "Open Portugal 2019"]
[Site "Lisboa POR"]
[Date "2019.02.09"]
[Round "9.73"]
[White "Aflalo, Sophie"]
[Black "Elias, Rúben"]
[Result "1/2-1/2"]
[WhiteElo "2091"]
[BlackElo "1797"]
[WhiteFideId "656887"]
[BlackFideId "1906453"]
[WhiteCountry "FRA"]
[BlackCountry "POR"]
[PlyCount "94"]
[EventDate "2019.02.02"]

1. Nf3 d5 2. g3 c5 3. Bg2 Nc6 4. O-O e5 5. d3 Nf6 6. Nc3 Be7 7. e4 dxe4 8. dxe4
Qxd1 9. Rxd1 Bg4 10. Rf1 O-O-O 11. Bg5 Bxf3 12. Bxf3 Nd4 13. Bd1 Rhe8 14. Bxf6
Bxf6 15. Nd5 Bg5 16. c3 Ne6 17. a4 Nc7 18. Bb3 Nxd5 19. Bxd5 f5 20. c4 g6 21.
Rae1 Bf6 22. Re3 Bg7 23. a5 Bh6 24. Rb3 Re7 25. Rb5 Rc7 26. a6 b6 27. exf5 gxf5
28. Be6+ Kb8 29. Bxf5 Rd2 30. Be6 Bg7 31. b4 cxb4 32. Rd5 Rxd5 33. Bxd5 Rc8 34.
f4 exf4 35. gxf4 Bd4+ 36. Kg2 b3 37. f5 b2 38. Kf3 b5 39. Ke4 Bb6 40. Kd3 bxc4+
41. Bxc4 Rd8+ 42. Kc2 Rd4 43. Bd3 Ra4 44. Kb3 Ra1 45. Rb1 Kc7 46. Kc2 Rxb1 47.
Kxb1 Kd6 1/2-1/2

[Event "Open Portugal 2019"]
[Site "Lisboa POR"]
[Date "2019.02.09"]
[Round "9.74"]
[White "Fossan, Aleksander"]
[Black "Cordeiro, João"]
[Result "0-1"]
[WhiteElo "2040"]
[BlackElo "1745"]
[WhiteFideId "1519794"]
[BlackFideId "1935291"]
[WhiteCountry "NOR"]
[BlackCountry "POR"]
[PlyCount "76"]
[EventDate "2019.02.02"]

1. e4 e5 2. Nf3 Nc6 3. Bc4 Bc5 4. c3 Nf6 5. d4 exd4 6. e5 d5 7. Bb5 Ne4 8. cxd4
Bb4+ 9. Bd2 Bxd2+ 10. Nbxd2 Bd7 11. O-O O-O 12. Bd3 Nxd2 13. Qxd2 h6 14. h3 Ne7
15. Qc2 Be6 16. Nh2 Qd7 17. f4 Bf5 18. g4 Bxd3 19. Qxd3 f5 20. exf6 gxf6 21. Kh1
Rf7 22. Rg1 Rg7 23. Rae1 Re8 24. Re3 Ng6 25. f5 Rxe3 26. Qxe3 Qe7 27. Qf3 Nh4
28. Qxd5+ Kh7 29. Qe6 Qd8 30. d5 Re7 31. Nf1 Rxe6 32. dxe6 Qd5+ 33. Kh2 Qe5+ 34.
Rg3 Qe2+ 35. Kg1 Nf3+ 36. Rxf3 Qxf3 37. Nh2 Qxh3 38. b4 h5 0-1

[Event "Open Portugal 2019"]
[Site "Lisboa POR"]
[Date "2019.02.09"]
[Round "9.75"]
[White "Darnell, Anton"]
[Black "Avelino, Camila"]
[Result "1-0"]
[WhiteElo "2039"]
[BlackElo "1689"]
[WhiteFideId "1720244"]
[BlackFideId "1938975"]
[WhiteCountry "SWE"]
[BlackCountry "POR"]
[PlyCount "73"]
[EventDate "2019.02.02"]

1. d4 Nf6 2. c4 g6 3. Nc3 Bg7 4. e4 d6 5. Nge2 O-O 6. Ng3 e5 7. d5 Nbd7 8. Be2
a5 9. h4 Nc5 10. h5 Bd7 11. Be3 Qe7 12. f3 c6 13. Qd2 cxd5 14. cxd5 Rfc8 15. Bh6
Bxh6 16. Qxh6 Na4 17. Nxa4 Bxa4 18. b3 Be8 19. Nf1 Rc7 20. g4 Rac8 21. Kf2 Nd7
22. Ne3 Nf8 23. Rag1 Kh8 24. Rg2 Bd7 25. Nf5 Bxf5 26. gxf5 Qf6 27. hxg6 fxg6 28.
Rhg1 Rg7 29. a4 Rcc7 30. Bc4 Rcf7 31. Rg3 Nd7 32. Bb5 Nc5 33. Be8 Re7 34. Rxg6
Nd3+ 35. Ke3 Qf8 36. f6 Rxg6 37. Qxf8+ 1-0

[Event "Open Portugal 2019"]
[Site "Lisboa POR"]
[Date "2019.02.09"]
[Round "9.76"]
[White "Haynes, Noah"]
[Black "Bub, Volker"]
[Result "0-1"]
[WhiteElo "1658"]
[BlackElo "2030"]
[WhiteFideId "1543172"]
[BlackFideId "4618963"]
[WhiteCountry "NOR"]
[BlackCountry "GER"]
[PlyCount "30"]
[EventDate "2019.02.02"]

1. d4 g6 2. c4 Nf6 3. Nc3 Bg7 4. e4 d6 5. Nf3 O-O 6. Be2 Nbd7 7. O-O e5 8. Re1
h6 9. Kh1 c6 10. Rb1 Re8 11. Bf1 Ng4 12. Kg1 exd4 13. Nxd4 Qh4 14. Nf3 Qxf2+ 15.
Kh1 Qb6 0-1

[Event "Open Portugal 2019"]
[Site "Lisboa POR"]
[Date "2019.02.09"]
[Round "9.77"]
[White "Rego, João Rui"]
[Black "Javet, Blaise"]
[Result "1/2-1/2"]
[WhiteElo "1761"]
[BlackElo "2027"]
[WhiteFideId "1934465"]
[BlackFideId "1305026"]
[WhiteCountry "POR"]
[BlackCountry "SUI"]
[PlyCount "99"]
[EventDate "2019.02.02"]

1. e4 c5 2. Nf3 d6 3. d3 Nc6 4. g3 g6 5. Bg2 Bg7 6. Nbd2 Bd7 7. O-O b5 8. Re1
Rb8 9. Nf1 e6 10. Qe2 Nge7 11. h4 h5 12. Ne3 Nd4 13. Qd1 Nxf3+ 14. Qxf3 Nc6 15.
c3 b4 16. Nc4 O-O 17. Bg5 f6 18. Bd2 Qe7 19. Qe2 e5 20. Qd1 Be6 21. Ne3 Qd7 22.
Nd5 bxc3 23. bxc3 Ne7 24. Qc2 Rfc8 25. Rab1 Nxd5 26. exd5 Bf5 27. c4 Kh7 28.
Rxb8 Rxb8 29. Rb1 Rxb1+ 30. Qxb1 Qa4 31. Bf1 Qxc4 32. dxc4 Bxb1 33. a3 Kg8 34.
f3 Kf7 35. Kf2 Bc2 36. Be3 f5 37. Bg5 e4 38. fxe4 fxe4 39. Ke3 Bb2 40. Kd2 Bb1
41. a4 Be5 42. Kc1 Ba2 43. Be2 Bd4 44. Kc2 Ke8 45. Bf1 Kd7 46. Be2 Kc7 47. Bf1
Be5 48. Be2 Kb7 49. Bd8 Ka6 50. Bf1 1/2-1/2

[Event "Open Portugal 2019"]
[Site "Lisboa POR"]
[Date "2019.02.09"]
[Round "9.78"]
[White "Basílio, Rodrigo"]
[Black "Terryn, Ezra"]
[Result "1/2-1/2"]
[WhiteElo "1808"]
[BlackElo "2116"]
[WhiteFideId "1941380"]
[BlackFideId "233196"]
[WhiteCountry "POR"]
[BlackCountry "BEL"]
[PlyCount "84"]
[EventDate "2019.02.02"]

1. e4 c5 2. Nf3 e6 3. d4 cxd4 4. Nxd4 Nc6 5. Be3 Qc7 6. Nc3 a6 7. a3 Nf6 8. Be2
b5 9. O-O Bb7 10. f4 Bc5 11. Kh1 Qb6 12. Nxc6 Bxe3 13. Ne5 d6 14. Ng4 Nxe4 15.
Nxe4 Bxe4 16. Nxe3 Qxe3 17. Bf3 Bxf3 18. Rxf3 Qb6 19. f5 Rc8 20. fxe6 fxe6 21.
Qe2 e5 22. Raf1 Rc7 23. Qe4 Qb7 24. Qf5 Re7 25. Rc3 Kd8 26. Rd1 Rd7 27. Rcd3 Qb6
28. Qe6 Re8 29. Qxd6 Rxd6 30. Rxd6+ Kc7 31. Rxb6 Kxb6 32. Kg1 Kc5 33. Kf2 Re7
34. Ke3 b4 35. Ra1 a5 36. axb4+ Kxb4 37. Ra3 a4 38. Rc3 Rf7 39. Ke2 g5 40. Rc8
Rb7 41. Ke3 Rd7 42. Ke2 Rb7 1/2-1/2

[Event "Open Portugal 2019"]
[Site "Lisboa POR"]
[Date "2019.02.09"]
[Round "9.79"]
[White "Fernández Vallejo, Luis"]
[Black "Maselli, Daniel"]
[Result "1/2-1/2"]
[WhiteElo "2063"]
[BlackElo "1816"]
[WhiteFideId "2296853"]
[BlackFideId "2814140"]
[WhiteCountry "ESP"]
[BlackCountry "ITA"]
[PlyCount "57"]
[EventDate "2019.02.02"]

1. e4 c5 2. Nf3 d6 3. d4 cxd4 4. Nxd4 Nf6 5. Nc3 g6 6. Be3 Bg7 7. Be2 O-O 8. Qd2
Ng4 9. Bxg4 Bxg4 10. f3 Bd7 11. O-O-O Nc6 12. Nxc6 bxc6 13. Bh6 Be6 14. h4 Qa5
15. Bxg7 Kxg7 16. h5 g5 17. f4 h6 18. e5 gxf4 19. exd6 exd6 20. Qxd6 Bxa2 21.
Qxf4 Be6 22. Rd3 Qf5 23. Qd4+ Kh7 24. Rg3 Rg8 25. Rxg8 Rxg8 26. Ne4 Rxg2 27.
Nf6+ Kg7 28. Ne4+ Kh7 29. Nf6+ 1/2-1/2

[Event "Open Portugal 2019"]
[Site "Lisboa POR"]
[Date "2019.02.09"]
[Round "9.80"]
[White "Cabaça, André"]
[Black "Cavaleiro, Daniel"]
[Result "0-1"]
[WhiteElo "1705"]
[BlackElo "2001"]
[WhiteFideId "1923552"]
[BlackFideId "1904663"]
[WhiteCountry "POR"]
[BlackCountry "POR"]
[PlyCount "68"]
[EventDate "2019.02.02"]

1. e4 g6 2. d4 d6 3. Nc3 Nf6 4. f4 Bg7 5. Nf3 c5 6. dxc5 Qa5 7. Bd3 Qxc5 8. Qe2
O-O 9. Be3 Qb4 10. O-O Nc6 11. a3 Qa5 12. h3 Nh5 13. Qf2 Bh6 14. Nh4 e5 15. f5
Bxe3 16. Qxe3 Qc5 17. Qxc5 dxc5 18. fxg6 hxg6 19. Bc4 Kg7 20. Nd5 Be6 21. Bd3
Bxd5 22. exd5 Nd4 23. c3 Nb3 24. Rae1 Nf4 25. Bc2 Nd2 26. Rf2 Nc4 27. Bb3 Nd6
28. Rd2 e4 29. Bc2 Rh8 30. g3 Nxh3+ 31. Kf1 Ng5 32. Ng2 Nf3 33. Ree2 Nxd2+ 34.
Rxd2 f5 0-1

[Event "Open Portugal 2019"]
[Site "Lisboa POR"]
[Date "2019.02.09"]
[Round "9.81"]
[White "Thibault, Pierre-Olivier"]
[Black "Elias, Benjamim"]
[Result "1-0"]
[WhiteElo "1994"]
[BlackElo "1819"]
[WhiteFideId "20606184"]
[BlackFideId "1903578"]
[WhiteCountry "FRA"]
[BlackCountry "POR"]
[PlyCount "81"]
[EventDate "2019.02.02"]

1. e4 Nc6 2. Nf3 d6 3. d4 Bg4 4. d5 Nb8 5. h3 Bh5 6. Bf4 Nf6 7. Nbd2 h6 8. g4
Bg6 9. Bd3 Nfd7 10. Nb3 c5 11. Qe2 f6 12. Nfd2 a6 13. a4 Bf7 14. Bg3 g5 15. Nc4
Bg7 16. Nbd2 Qc7 17. Ne3 Ne5 18. Nf5 Kf8 19. O-O Ng6 20. b4 Nd7 21. bxc5 Nxc5
22. Nc4 Ne5 23. f4 gxf4 24. Bxf4 Bg6 25. Be3 Nxc4 26. Bxc4 Nd7 27. Nd4 Nc5 28.
Bd3 Kg8 29. Qf3 Rf8 30. Rab1 Bf7 31. Rb4 h5 32. Rfb1 Qc8 33. Nf5 Re8 34. g5 Kf8
35. Kh2 Nd7 36. Rxb7 Ne5 37. Qg2 Rg8 38. gxf6 Ng4+ 39. hxg4 Bxd5 40. exd5 Qxf5
41. Bxf5 1-0

[Event "Open Portugal 2019"]
[Site "Lisboa POR"]
[Date "2019.02.09"]
[Round "9.82"]
[White "Kocian, Miroslav"]
[Black "Taylor, Robert Graham"]
[Result "0-1"]
[WhiteElo "1992"]
[BlackElo "1809"]
[WhiteFideId "303577"]
[BlackFideId "1800841"]
[WhiteCountry "CZE"]
[BlackCountry "WLS"]
[PlyCount "128"]
[EventDate "2019.02.02"]

1. e4 Nf6 2. e5 Nd5 3. d4 d6 4. c4 Nb6 5. f4 e6 6. Be3 dxe5 7. fxe5 c5 8. Nf3
Nc6 9. dxc5 Qxd1+ 10. Kxd1 Nd7 11. Nc3 Bxc5 12. Bxc5 Nxc5 13. Kc2 O-O 14. a3 Rd8
15. b4 Nd7 16. Rd1 Rf8 17. Re1 b6 18. Bd3 Bb7 19. Nb5 Ne7 20. Be4 Bxe4+ 21. Rxe4
a6 22. Nc3 Rfd8 23. Rd1 Nf8 24. Red4 Rdc8 25. Rd6 Nf5 26. Kb3 Nxd6 27. exd6 Nd7
28. Ne4 f5 29. Neg5 e5 30. Ne6 h6 31. Rd5 Rc6 32. Nc7 Rc8 33. Nxa6 Rxc4 34. Nc5
R4xc5 35. bxc5 Nxc5+ 36. Kb4 e4 37. Nd4 e3 38. Kb5 Nd7 39. Rxf5 Rc3 40. a4 Rd3
41. Kc6 Nb8+ 42. Kc7 Rxd4 43. Kxb8 Rxd6 44. Re5 Rd4 45. Kb7 Rxa4 46. Kxb6 Ra2
47. Rxe3 Rxg2 48. h3 Rc2 49. Kb5 g5 50. Rg3 Kg7 51. h4 Kg6 52. Kb4 Kf5 53. hxg5
hxg5 54. Kb3 Rc8 55. Rh3 Kg4 56. Rh7 Kg3 57. Rg7 g4 58. Kb4 Kf3 59. Rf7+ Kg2 60.
Rg7 g3 61. Rg6 Kf2 62. Rf6+ Kg1 63. Rg6 g2 64. Rg7 Rf8 0-1

[Event "Open Portugal 2019"]
[Site "Lisboa POR"]
[Date "2019.02.09"]
[Round "9.83"]
[White "Iasman, Inna"]
[Black "Rionda Medio, Ángel"]
[Result "0-1"]
[WhiteElo "1802"]
[BlackElo "1992"]
[WhiteFideId "24125563"]
[BlackFideId "2238934"]
[WhiteCountry "FRA"]
[BlackCountry "ESP"]
[PlyCount "80"]
[EventDate "2019.02.02"]

1. d4 e6 2. c4 Nf6 3. Nf3 d5 4. Nc3 Bb4 5. Qa4+ Nc6 6. Bg5 Bd7 7. Qb3 dxc4 8.
Qxc4 h6 9. Bh4 b5 10. Qd3 a6 11. e4 Be7 12. a3 Na5 13. Ne5 Nb3 14. Rd1 c5 15.
Nxd7 Qxd7 16. e5 c4 17. Qf3 Nd5 18. Bxe7 Kxe7 19. Nxd5+ Qxd5 20. Qg4 Rag8 21.
Be2 f5 22. exf6+ gxf6 23. Qf3 Rxg2 24. Qxd5 exd5 25. Bf3 Rg5 26. h4 Rf5 27. Ke2
Kd6 28. Bg4 Re8+ 29. Kf1 Rf4 30. Bh5 Ree4 31. Bg6 Rxd4 32. Rxd4 Nxd4 33. h5 Nf3
34. Ke2 d4 35. Rd1 Ne5 36. Be8 Kc5 37. Rg1 Re4+ 38. Kd1 Nf3 39. Bg6 Re5 40. Rh1
d3 0-1

[Event "Open Portugal 2019"]
[Site "Lisboa POR"]
[Date "2019.02.09"]
[Round "9.84"]
[White "Mendes, Modeste"]
[Black "Næss, Sara"]
[Result "1-0"]
[WhiteElo "1981"]
[BlackElo "1815"]
[WhiteFideId "1925920"]
[BlackFideId "1516191"]
[WhiteCountry "POR"]
[BlackCountry "NOR"]
[PlyCount "135"]
[EventDate "2019.02.02"]

1. d4 Nf6 2. Nf3 g6 3. c4 Bg7 4. Nbd2 O-O 5. e4 d6 6. Be2 c5 7. d5 e6 8. O-O
exd5 9. exd5 Re8 10. Re1 Na6 11. Nf1 Rb8 12. Bf4 Nh5 13. Bg5 Bf6 14. Bxf6 Qxf6
15. Qd2 Nf4 16. Ng3 Bg4 17. Bd1 Bxf3 18. Bxf3 Nh3+ 19. Kh1 Ng5 20. Be4 Qd8 21.
Bd3 Rxe1+ 22. Rxe1 h5 23. f4 Nh7 24. f5 Nf8 25. Qh6 Qf6 26. Nxh5 Qh8 27. Qxh8+
Kxh8 28. fxg6 Nxg6 29. Bxg6 fxg6 30. Nf6 Rf8 31. Re8 Kg7 32. Rxf8 Kxf8 33. Ne4
Ke7 34. a3 Nb8 35. Kg1 Nd7 36. Kf2 Ne5 37. b3 a5 38. a4 Nd3+ 39. Ke3 Nc1 40. Nd2
Kf6 41. h4 Kf5 42. Ne4 Ke5 43. g4 Nxb3 44. h5 gxh5 45. gxh5 Nd4 46. Ng3 Nc2+ 47.
Kd2 Nd4 48. Ke3 Nc2+ 49. Kd3 Ne1+ 50. Ke2 Ng2 51. h6 Nh4 52. Ke3 Ng6 53. Ne4 Nh8
54. Kf3 Nf7 55. h7 b6 56. Ke3 Nh8 57. Ng5 Kf5 58. Ne6 Kg6 59. Nf8+ Kg7 60. Nd7
Kxh7 61. Nxb6 Nf7 62. Nc8 Kg7 63. Ke4 Kf8 64. Kf5 Ke8 65. Ke6 Kd8 66. Kxf7 Kxc8
67. Ke7 Kc7 68. Ke6 1-0

[Event "Open Portugal 2019"]
[Site "Lisboa POR"]
[Date "2019.02.09"]
[Round "9.86"]
[White "Moretti, Filippo"]
[Black "Skjølingstad, Sverre"]
[Result "1-0"]
[WhiteElo "1928"]
[BlackElo "1782"]
[WhiteFideId "2805001"]
[BlackFideId "1519913"]
[WhiteCountry "ITA"]
[BlackCountry "NOR"]
[PlyCount "101"]
[EventDate "2019.02.02"]

1. e4 c5 2. Nf3 e6 3. g3 d5 4. exd5 exd5 5. d4 Nc6 6. Bg2 Bg4 7. dxc5 Qe7+ 8.
Kf1 Qxc5 9. h3 Bf5 10. c3 Nf6 11. Na3 Qb6 12. Qe2+ Be7 13. Be3 Qd8 14. Nc2 O-O
15. Ncd4 Nxd4 16. Nxd4 Bg6 17. Kg1 Ne4 18. Bxe4 dxe4 19. Kg2 a6 20. Rhd1 Qc7 21.
Rd2 Bd6 22. Rad1 Be5 23. h4 h6 24. Qg4 h5 25. Qe2 Rae8 26. Qe1 f5 27. Ne2 Rd8
28. Nf4 Rxd2 29. Rxd2 Bf7 30. Qd1 Bf6 31. Nxh5 Be5 32. Bd4 Bxd4 33. Rxd4 Bxh5
34. Qxh5 Qf7 35. Qxf7+ Rxf7 36. Rd8+ Kh7 37. Rd6 g6 38. f3 exf3+ 39. Kxf3 Re7
40. c4 Kg7 41. c5 Rc7 42. b4 a5 43. a3 axb4 44. axb4 Kf7 45. Kf4 Re7 46. Kg5 Re4
47. Rf6+ Ke7 48. Kxg6 Rxb4 49. Rxf5 Rg4+ 50. Rg5 Rc4 51. Kg7 1-0

[Event "Open Portugal 2019"]
[Site "Lisboa POR"]
[Date "2019.02.09"]
[Round "9.87"]
[White "Morais, Vítor"]
[Black "Silva, Tiago Alexandre"]
[Result "1/2-1/2"]
[WhiteElo "1898"]
[BlackElo "1750"]
[WhiteFideId "1900552"]
[BlackFideId "1935321"]
[WhiteTitle "NM"]
[WhiteCountry "POR"]
[BlackCountry "POR"]
[PlyCount "120"]
[EventDate "2019.02.02"]

1. Nf3 Nf6 2. c4 e6 3. g3 d5 4. Bg2 Be7 5. O-O O-O 6. b3 b6 7. Bb2 Bb7 8. d3 c5
9. Nbd2 Nbd7 10. Rc1 Rc8 11. Qc2 Qc7 12. e3 Rfd8 13. Rfd1 Qb8 14. Qb1 Qa8 15.
cxd5 exd5 16. d4 Nf8 17. Bh3 N8d7 18. Ne5 cxd4 19. exd4 Rxc1 20. Rxc1 Nxe5 21.
dxe5 Ne4 22. Nf3 Bc5 23. Nd4 Ba6 24. Qc2 Ng5 25. Bg4 Bxd4 26. Bxd4 Ne6 27. Qd2
Rc8 28. Bxe6 fxe6 29. f4 Rxc1+ 30. Qxc1 Qc8 31. Qxc8+ Bxc8 32. a4 Kf7 33. Kf2
Ke7 34. Ke3 Kd7 35. Kd3 Kc6 36. Kc3 a6 37. Bf2 Bd7 38. Kd4 Be8 39. g4 g6 40. Be1
Bf7 41. Bb4 Bg8 42. Be7 Bf7 43. Bd8 Bg8 44. b4 Bf7 45. Ke3 Be8 46. Kd4 Bf7 47.
Bh4 h5 48. h3 Bg8 49. Be1 Bh7 50. Bc3 Bg8 51. Ke3 Bf7 52. Bd4 Be8 53. Kf2 Kc7
54. a5 bxa5 55. bxa5 Kc6 56. Ke3 Bd7 57. Bb6 Kb5 58. Kd4 Kc6 59. Bd8 Bc8 60. Bb6
Bd7 1/2-1/2